Rasterfahndung und organisierte Kriminalität
| Main Author: | |
|---|---|
| Format: | Print Book |
| Language: | German |
| Published: |
Mönchengladbach
Forum-Verl. Godesberg
1997
|
| In: |
Umwelt, Kriminalität, Recht (3)
Year: 1997 |
| Online Access: |
Table of Contents |
| Availability in Tübingen: | Present in Tübingen. IFK: S 129 3 |
| Check availability: | HBZ Gateway |
| Subito Delivery Service: | Order now. |
| Keywords: |
MARC
| LEADER | 00000cam a2200000 c 4500 | ||
|---|---|---|---|
| 001 | 23665182X | ||
| 003 | DE-627 | ||
| 005 | 20251222210254.0 | ||
| 007 | tu | ||
| 008 | 971118s1997 gw ||||| m 00| ||ger c | ||
| 015 | |a 97,N48,0317 |2 dnb | ||
| 015 | |a 98,H05,0311 |2 dnb | ||
| 016 | 7 | |a 952012669 |2 DE-101 | |
| 020 | |a 3930982242 |c : DM 58.00 (kart.) |9 3-930982-24-2 | ||
| 035 | |a (DE-627)23665182X | ||
| 035 | |a (DE-576)062997548 | ||
| 035 | |a (DE-599)DNB952012669 | ||
| 035 | |a (OCoLC)845024519 | ||
| 035 | |a (OCoLC)44676582 | ||
| 040 | |a DE-627 |b ger |c DE-627 |e rakwb | ||
| 041 | |a ger | ||
| 044 | |c XA-DE | ||
| 082 | 0 | |a 345.43/0522 | |
| 084 | |a 19 |a 14 |a 16 |a 20 |2 sdnb | ||
| 084 | |a PH 8470 |2 rvk |0 (DE-625)rvk/136504: | ||
| 084 | |a 86.36 |2 bkl | ||
| 084 | |a 86.41 |2 bkl | ||
| 100 | 1 | |8 1\p |a Graf, Walther |d 1969- |0 (DE-588)1047196611 |0 (DE-627)777833530 |0 (DE-576)400535084 |4 aut | |
| 109 | |a Graf, Walther 1969- | ||
| 245 | 1 | 0 | |a Rasterfahndung und organisierte Kriminalität |c Walther Graf |
| 246 | 3 | 3 | |a Die gesetzlichen Regelungen zur operativen Informationserhebung durch Rasterfahndung als Bewältigungsstrategie zur Eindämmung der organisierten Kriminalität |
| 263 | |a kart. : DM 58.00 | ||
| 264 | 1 | |a Mönchengladbach |b Forum-Verl. Godesberg |c 1997 | |
| 300 | |a 349 S |c 21 cm | ||
| 336 | |a Text |b txt |2 rdacontent | ||
| 337 | |a ohne Hilfsmittel zu benutzen |b n |2 rdamedia | ||
| 338 | |a Band |b nc |2 rdacarrier | ||
| 490 | 1 | |a Umwelt - Kriminalität - Recht |v 3 | |
| 500 | |a Literaturverz. S. 329 - 349 | ||
| 502 | |a Zugl.: Bonn, Univ., Diss., 1997, u.d.T.: Graf, Walther: Die gesetzlichen Regelungen zur operativen Informationserhebung durch Ratserfahndung als Bewältigungsstrategie zur Eindämmung der organisierten Kriminalität | ||
| 583 | 1 | |a Archivierung prüfen |c 20240324 |f DE-4165 |z 3 |2 pdager | |
| 655 | 7 | |a Hochschulschrift |0 (DE-588)4113937-9 |0 (DE-627)105825778 |0 (DE-576)209480580 |2 gnd-content | |
| 689 | 0 | 0 | |d s |0 (DE-588)4043830-2 |0 (DE-627)104189177 |0 (DE-576)209057513 |a Organisiertes Verbrechen |2 gnd |
| 689 | 0 | 1 | |d s |0 (DE-588)4112701-8 |0 (DE-627)104321679 |0 (DE-576)209470127 |a Bekämpfung |2 gnd |
| 689 | 0 | 2 | |d s |0 (DE-588)4048456-7 |0 (DE-627)106190636 |0 (DE-576)209077964 |a Rasterfahndung |2 gnd |
| 689 | 0 | |5 DE-101 | |
| 751 | |a Bonn |0 (DE-588)4007666-0 |0 (DE-627)106372270 |0 (DE-576)208871632 |4 uvp | ||
| 830 | 0 | |a Umwelt, Kriminalität, Recht |v 3 |9 3 |w (DE-627)528247662 |w (DE-576)034679642 |w (DE-600)2290922-9 |x 0944-2804 |7 am | |
| 856 | 4 | 2 | |u http://www.gbv.de/dms/spk/sbb/toc/23665182X.pdf |m V:DE-601 |m B:DE-1 |q pdf/application |x Verlag |y Inhaltsverzeichnis |3 Inhaltsverzeichnis |7 1 |
| 883 | |8 1\p |a cgwrk |d 20241001 |q DE-101 |u https://d-nb.info/provenance/plan#cgwrk | ||
| 935 | |i Blocktest | ||
| 936 | r | v | |a PH 8470 |b Organisiertes Verbrechen |k Rechtswissenschaft |k Strafrecht, Strafverfahrensrecht, Kriminologie |k Kriminologie |k Soziale Profile; Soziale Gruppen; Tätergemeinschaften (hier auch: Internationale Kriminalität) |k Organisiertes Verbrechen |0 (DE-627)1271949881 |0 (DE-625)rvk/136504: |0 (DE-576)201949881 |
| 936 | b | k | |a 86.36 |j Strafprozessrecht |0 (DE-627)106413570 |
| 936 | b | k | |a 86.41 |j Kriminologie |0 (DE-627)181572001 |
| 951 | |a BO | ||
| ELC | |b 1 | ||
| LOK | |0 000 xxxxxcx a22 zn 4500 | ||
| LOK | |0 001 3222068356 | ||
| LOK | |0 003 DE-627 | ||
| LOK | |0 004 23665182X | ||
| LOK | |0 005 19981023000000 | ||
| LOK | |0 008 981023||||||||||||||||ger||||||| | ||
| LOK | |0 040 |a DE-21-110 |c DE-627 |d DE-21-110 | ||
| LOK | |0 852 |a DE-21-110 | ||
| LOK | |0 852 1 |c S 129 3 |m p |9 00 | ||
| LOK | |0 935 |a k110 | ||
| LOK | |0 938 |k p | ||
| LOK | |0 939 |a 23-10-98 |b l01 | ||
| ORI | |a SA-MARC-krimdoka001.raw | ||
| SIG | |a IFK: S 129 3 | ||
